MARC

LEADER 00000nam0a2200000 4500
001 167009
005 20231031162644.0
035 |a (RuTPU)RU\TPU\book\181164 
090 |a 167009 
100 |a 20091010d1959 k y0rusy50 ca 
101 0 |a rus 
102 |a RU 
105 |a a g 000zy 
200 1 |a Датчики систем автоматического контроля и регулирования  |e справочные материалы  |f Д. И. Агейкин, Е. Н. Костина, Н. Н. Кузнецова 
210 |a Москва  |c Машгиз  |d 1959 
215 |a 580 с.  |c ил. 
610 1 |a датчики 
610 1 |a системы автоматического контроля 
610 1 |a системы автоматического регулирования 
610 1 |a классификация 
610 1 |a реле 
610 1 |a справочные материалы 
675 |a 621.01(035)  |v 3 
700 1 |a Агейкин  |b Д. И.  |g Дмитрий Иванович 
701 1 |a Костина  |b Е. Н. 
701 1 |a Кузнецова  |b Н. Н. 
801 1 |a RU  |b 63413507  |c 20091010 
801 2 |a RU  |b 63413507  |c 20160928  |g RCR 
942 |c BK